00277nam a22001097a 4500020001500000040000900015082001800024100002100042245004500063260003900108650002000147 a0132540126 cNust a621..815bNOR aRobert L. Norton aMachine design bAn integrated approach  aNew Jersey:bPrentice Hall.c1996. aMachine design